00257nam a2200085Ia 4500008004100000041000800041100002100049245005000070260005100120231107s1991 xx 000 0 und d aeng aNiese Wand Nonic aEncyclopedia Of Interior Design & Decoration aLondonbA Professional Creative resourcec1991